000 00513nmm a2200193Ia 4500
008 251105s9999||||xx |||||||||||||||||und||
020 _a9788416288915
041 _aspa
100 _aJeffreys, Elaine
245 0 _aEl sexo en China
264 _a[Madrid, España] :
_bMontesinos,
_c2015
300 _a218 páginas
490 _aEnsayo
650 _aGender and Women Studies
700 _aJeffreys, Elaine
700 1 _a Haiqing
856 _uhttps://public.digitaliapublishing.com/a/60046
942 _cCF
999 _c67226
_d67226